| 000 | 00607nam a22001457a 4500 | ||
|---|---|---|---|
| 082 | _a200 | ||
| 100 |
_aNAEEM SHAHZAD _918655 |
||
| 245 |
_aADAPTATION OF INFORMATION AND QUALITY ASSURANCE MANAGEMENT PARADIGMS IN A PUBLIC SECTOR STRATEGIC ORGANIZATION: RISK CONSIDERATIONS FOR MANAGEMENT INFORMATION SYSTEMS/ _cSHAHZAD NAEEM |
||
| 260 |
_aIslamabad _bNUST College of EME _c2016 |
||
| 300 |
_a304,p; _bill; _c30,cm. |
||
| 650 |
_aPhD -ENGINEERING MANAGEMENT _9124516 |
||
| 700 |
_aSupervisor :DR SYED WAHEED UL HAQ _970092 |
||
| 856 | _uhttp://10.250.8.41:8080/xmlui/handle/123456789/27028 | ||
| 942 |
_cSC _2ddc |
||
| 999 |
_c577135 _d577135 |
||